15 najbardziej dotkniętych krajów Covid-19 - 26 stycznia 2022 - Statystyki

Ogólne statystyki
  • Ten quiz został rozwiązany 79 razy
  • Średni wynik to 14 z 27
Statystyki odpowiedzi
kraj % Poprawnych
Polska
96%
Stany Zjednoczone
91%
Rosja
84%
Niemcy
81%
Włochy
81%
Francja
77%
Hiszpania
74%
Indie
71%
Brazylia
67%
Wielka Brytania
66%
Argentyna
63%
Meksyk
63%
Holandia
59%
Portugalia
54%
Belgia
53%
Czechy
51%
Turcja
49%
Dania
36%
Kolumbia
33%
Szwajcaria
33%
Iran
30%
Litwa
29%
Irlandia
26%
Estonia
23%
Izrael
21%
Słowenia
16%
Gruzja
6%
Nie znaleziono quizów pasujących do podanych kryteriów
Rozkład punktacji
Procent ludzi z każdym wynikiem
Percentyl według liczby udzielonych odpowiedzi
Twoja historia wyników
Nie rozwiązałeś tego quizu